[Event "Novosibirsk Sibiria op-C"]
[Site "Novosibirsk"]
[Date "2007.07.29"]
[Round "9"]
[White "Tsygankov, Dmitry"]
[Black "Dzhumagaliev, Yan"]
[Result "0-1"]
[WhiteElo "2095"]
[BlackElo "2246"]
[PlyCount "126"]
[EventDate "2007.07.21"]
[EventType "swiss"]
[EventRounds "9"]
[EventCountry "RUS"]
[SourceTitle "EXT 2008"]
[Source "ChessBase"]
[SourceDate "2007.11.25"]
[SourceVersion "1"]
[SourceVersionDate "2007.11.25"]
[SourceQuality "1"]

1. d4 Nf6 2. Nf3 e6 3. Bg5 Be7 4. e3 c5 5. Nbd2 b6 6. Bd3 Bb7 7. 0-0 0-0 8. c3 h6 9. Bf4 d5 10. h3 Nbd7 11. Ne5 Nxe5 12. Bxe5 Nd7 13. Bg3 a6 14. a4 f5 15. Nf3 c4 16. Bc2 b5 17. b3 cxb3 18. Bxb3 bxa4 19. Bxa4 Nb6 20. Ne5 Bd6 21. Ng6 Rf7 22. Bxd6 Qxd6 23. Ne5 Rc7 24. Qh5 Nc4 25. Nxc4 Rxc4 26. Rfb1 Bc6 27. Rb6 Rxc3 28. Rab1 Qc7 29. Bd1 Rc1 30. Rxc1 Qxb6 31. g4 Rf8 32. g5 Be8 33. Qh4 Qd8 34. f4 hxg5 35. fxg5 Qb8 36. Ba4 Qb2 37. Rf1 Bf7 38. Qg3 Qa3 39. Bc2 Rc8 40. g6 Rxc2 41. gxf7+ Kxf7 42. Qe5 Rc1 43. Rxc1 Qxc1+ 44. Kg2 Qc2+ 45. Kg3 Qe4 46. Qc7+ Kg6 47. Kf2 f4 48. exf4 Qxd4+ 49. Kg3 Qe3+ 50. Kg4 d4 51. Qc8 Qe2+ 52. Kg3 Qd3+ 53. Kg4 Qf5+ 54. Kg3 d3 55. Qxa6 d2 56. Qe2 Qd5 57. Qd1 Qd3+ 58. Kh4 Kf5 59. Qg4+ Ke4 60. Qxe6+ Kf3 61. Qg4+ Kf2 62. Qd1 Qg3+ 63. Kh5 Qf3+ 0-1

[Event "Novosibirsk Sibiria op-C"]
[Site "Novosibirsk"]
[Date "2007.07.25"]
[Round "5"]
[White "Kipriyanov, Yaroslav"]
[Black "Tsygankov, Dmitry"]
[Result "1/2-1/2"]
[WhiteElo "2000"]
[BlackElo "2095"]
[PlyCount "71"]
[EventDate "2007.07.21"]
[EventType "swiss"]
[EventRounds "9"]
[EventCountry "RUS"]
[SourceTitle "EXT 2008"]
[Source "ChessBase"]
[SourceDate "2007.11.25"]
[SourceVersion "1"]
[SourceVersionDate "2007.11.25"]
[SourceQuality "1"]

1. e4 c5 2. Nf3 Nc6 3. d4 cxd4 4. Nxd4 Nf6 5. Nc3 e5 6. Ndb5 d6 7. a4 a6 8. Na3 Be6 9. Bg5 Be7 10. Bxf6 Bxf6 11. Nc4 Nd4 12. a5 Rc8 13. Nb6 Rc5 14. Bd3 0-0 15. 0-0 Nc6 16. Nca4 Rxa5 17. Qe1 Rb5 18. Nd5 Bxd5 19. Bxb5 axb5 20. exd5 Nd4 21. Nc3 Nxc2 22. Qe4 Nxa1 23. Rxa1 Be7 24. Qb4 f5 25. Qxb5 e4 26. Qxb7 Bf6 27. Ra6 e3 28. fxe3 Qe8 29. Qb6 f4 30. e4 Bxc3 31. bxc3 Qxe4 32. Qf2 Qxd5 33. Qa2 Qxa2 34. Rxa2 Kf7 35. Ra7+ Kf6 36. Rd7 1/2-1/2

[Event "Novosibirsk CC-ch"]
[Site "Novosibirsk"]
[Date "2007.01.26"]
[Round "10"]
[White "Volkov, Petr"]
[Black "Tsygankov, Dmitry"]
[Result "1-0"]
[WhiteElo "2044"]
[BlackElo "2073"]
[PlyCount "109"]
[EventDate "2007.01.14"]
[EventType "swiss"]
[EventRounds "11"]
[EventCountry "RUS"]
[SourceTitle "EXT 2010"]
[Source "ChessBase"]
[SourceDate "2010.11.25"]
[SourceVersion "1"]
[SourceVersionDate "2010.11.25"]
[SourceQuality "1"]

1. e4 c5 2. Nc3 Nc6 3. g3 d6 4. Bg2 g6 5. d3 Bg7 6. f4 f5 7. Nf3 Nf6 8. 0-0 0-0 9. Nd5 Bd7 10. c3 Rb8 11. Re1 Ng4 12. h3 e6 13. Ne3 Nxe3 14. Bxe3 b5 15. exf5 gxf5 16. d4 b4 17. c4 cxd4 18. Nxd4 Nxd4 19. Bxd4 Bxd4+ 20. Qxd4 Qb6 21. Rad1 Bc8 22. Kh2 Qxd4 23. Rxd4 Rb6 24. Red1 Ra6 25. Rxd6 Rxa2 26. Rd8 Ba6 27. b3 Rb2 28. R8d3 Bb7 29. R1d2 Rxd2 30. Rxd2 Bxg2 31. Kxg2 Ra8 32. Kf3 a5 33. Ke3 Kf7 34. Ra2 Ke7 35. Kd4 Rd8+ 36. Kc5 Rd3 37. Rxa5 Rxb3 38. Ra7+ Kd8 39. Rxh7 Rb1 40. Kd6 Rd1+ 41. Kc5 b3 42. Rb7 Rd3 43. g4 Rxh3 44. g5 e5 45. g6 Rh6 46. fxe5 Rxg6 47. Kd5 Rg3 48. e6 Re3 49. Kd6 Kc8 50. Rc7+ Kb8 51. Rc5 f4 52. e7 Rd3+ 53. Rd5 Re3 54. Re5 Rd3+ 55. Kc6 1-0